10 things I hate about you lyrics - Statistics

General Stats
  • This quiz has been taken 197 times
    194 since last reset
  • The average score is 201 of 331
Answer Stats
Answer % Correct
I
96%
i
96%
you
90%
hate
87%
the
87%
a
76%
to
73%
ten
72%
your
72%
eight
69%
it
69%
nine
69%
seven
68%
six
67%
three
67%
youre
67%
and
66%
five
66%
four
66%
love
66%
me
66%
cant
64%
can't
64%
one
64%
two
64%
jaded
63%
selfish
63%
had
62%
big
61%
dated
61%
dumbest
61%
guy
61%
seconds
61%
fake
60%
only
60%
that
60%
made
59%
talk
59%
toxic
59%
naked
58%
game
57%
got
57%
issues
57%
mommy
57%
still
57%
trust
57%
about
56%
til
56%
fact
51%
of
51%
things
51%
friends
47%
all
46%
be
46%
bull
46%
for
46%
in
46%
list
46%
so
46%
undo
46%
when
46%
with
46%
just
45%
not
45%
cheating
44%
say
44%
we
44%
caught
43%
her
43%
i'll
43%
ill
43%
years
42%
admit
40%
nerve
40%
sleeping
40%
were
40%
Ive
39%
ive
39%
lost
39%
sh
39%
but
38%
without
38%
sometimes
37%
tell
37%
forget
34%
miss
34%
think
34%
never
33%
dont
32%
don't
32%
if
31%
they
31%
get
29%
suck
29%
cool
28%
drunk
28%
sloppy
27%
daddys
26%
money
26%
fu
25%
how
25%
know
23%
must
23%
bottles
22%
make
21%
buying
20%
why
20%
fell
19%
his
19%
obsessed
19%
out
19%
now
17%
gross
16%
juul
15%
ick
14%
yeah
12%
ooh
9%
howd
7%
ah
4%
keeping
3%
No matching quizzes found
Score Distribution
Percent of People with Each Score
Percentile by Number Answered
Your Score History
You have not taken this quiz since the last reset